| 000 | 00792nam a2200241Ia 4500 | ||
|---|---|---|---|
| 003 | OSt | ||
| 005 | 20250908161053.0 | ||
| 008 | 241129s9999||||xx |||||||||||||| ||und|| | ||
| 020 | _a978-81-267-0522-1 | ||
| 037 | _aTB | ||
| 040 |
_aARTS _bhin _cARTS |
||
| 041 |
_ahin _2hin |
||
| 084 |
_aO152,3N27,KB R1 _qARTS |
||
| 100 |
_aरज़ा, राही मासूम, ले. _9820355 |
||
| 245 | 0 |
_aकटरा बी आर्ज़ू _cरज़ा, राही मासूम, ले. |
|
| 250 | _a3 | ||
| 260 |
_aनई दिल्ली, भारत _bराजकमल प्रकाशन _c2017 |
||
| 300 | _a223चण् | ||
| 365 |
_aINR _b495 |
||
| 650 |
_aHindi Fiction _9820356 |
||
| 942 |
_cTB _hO152,3N27,KB R1 _2CC _n0 |
||
| 999 |
_c1226623 _d1226623 |
||